000
00233nam a2200097Ia 4500
001
1251714
005
20251031150920.0
008
251031s9999 xx 000 0 und d
245
0
_c
ALEX HİRSCH
_a
Ş-2 MOANA
260
_b
BETA YAYINLARI
999
_c
1251714
_d
1251714